MARC

LEADER 00000nas a2200000 a 4500
001 ssj0015132
003 WaSeSS
005 20200512172242.0
006 m d
007 cr n
008 030217c19989999maumx p s 0 a0eng c
010 |a  2013268501 
016 7 |a 024063525  |2 DE-101 
016 7 |a 2093619-9  |2 DE-600 
022 |y 1099-274X 
032 |a 535940  |b USPS 
035 |a (WaSeSS)ssj0015132 
040 |a TXU  |b eng  |c TXU  |d OCLCQ  |d OUN  |d OCLCQ  |d UX1  |d TXJ  |d OCLCE  |d DEBBG  |d OCLCQ  |d GBVCP  |d SERSO  |d OCLCF  |d OCLCQ  |d DYJ  |d WT2  |d WY@  |d OCLCQ  |d OCLCO  |d OCLCA  |d U3W  |d OCLCO  |d UUM  |d OCLCO  |d OCLCQ  |d TOF  |d OCLCQ  |d OCLCO  |d WYU  |d VT2  |d OCLCO  |d OCLCQ  |d OCLCO  |d RDF  |d OCLCA  |d OCLCQ  |d SFB  |d WaSeSS 
042 |a pcc 
050 4 |a T1 
060 0 0 |a W1  |b TE211M 
070 |a T1.T44 
072 0 |a X600 
082 0 0 |a 620  |2 13 
130 0 |a Technology review (Cambridge, Mass. : 1998 : Online) 
245 1 0 |a Technology review  |h [electronic resource] :  |b MIT's magazine of innovation. 
246 1 |a TR  |f <Nov./Dec. 1999-> 
246 1 |i Issues for [Nov./Dec.] 2012- have title:  |a MIT technology review 
260 |a Cambridge, Mass. :  |b Association of Alumni and Alumnae of the Massachusetts Institute of Technology 
260 3 |3 <Sept./Oct. 2012>-  |a Cambridge, MA :  |b Technology Review 
310 |a Bimonthly,  |b Mar./Apr. 2006- 
321 |a Bimonthly,  |b 1998-2000 
321 |a Monthly (except Jan./Feb. and July/Aug.),  |b 2001-Dec. 2005/Jan. 2006 
362 1 |a Print began with vol. 101, no. 3 (May/June 1998). 
506 |a License restrictions may limit access. 
588 0 |a Print version record. 
588 1 |a Vol. 115 no. 6 (Nov./Dec. 2012) (ProQuest, viewed Jan. 11, 2013). 
650 0 |a Technology  |v Periodicals. 
650 1 2 |a Technology. 
650 6 |a Technologie  |v Périodiques. 
650 7 |a Technology (General).  |2 ebps 
650 7 |a Technology.  |2 fast  |0 (OCoLC)fst01145078 
650 1 7 |a Technologie.  |2 gtt 
650 1 7 |a TECHNOLOGY.  |2 unbist 
655 0 |a Electronic journals. 
710 2 |a Massachusetts Institute of Technology. 
710 2 |a MIT Alumni/ae Association. 
776 0 8 |i Print version:  |t Technology review (Cambridge, Mass. : 1998)  |x 1099-274X  |w (DLC) 98640948  |w (OCoLC)39058693 
780 0 0 |t MIT's technology review 
856 4 0 |z Full text available from Research Library: 05/01/1998 to 10/31/2012  |u https://search.proquest.com/publication/35850 
856 4 0 |z Full text available from Research Library: 11/01/2012 to present  |u https://search.proquest.com/publication/35850